00456nam a2200109Ia 4500008004100000100003400041245011700075260005100192300001100243650002300254856006900277160712s9999 xx 000 0 und d aBarrameda, Teresita Villamor. cTeresita Villamor BarramedaaStories Women Tell: Five Rural Women’s Lived Experiences of Survival and Typhoons c2012bPhilippine Journal of Social Development avol. 4 xSOCIAL DEVELOPMENT uhttp://journals.upd.edu.ph/index.php/pjsd/issue/view/414/showToc